[Event "Pozivni kadetski turnir povodom blagdan"]
[Site "Hvar"]
[Date "2017.09.29"]
[Round "1.1"]
[White "Birkic, Josip"]
[Black "Knezovic, Niko"]
[Result "1-0"]
[WhiteElo "1635"]
[BlackElo "1369"]
[PlyCount "45"]
[EventDate "2017.09.29"]

1. e4 e5 2. Nf3 Nc6 3. d4 d5 4. exd5 Nxd4 5. Nxd4 exd4 6. Qxd4 Qe7+ 7. Be3 Qb4+
8. Nd2 Qxd4 9. Bxd4 Nf6 10. c4 c5 11. Bc3 Bf5 12. O-O-O Be7 13. Re1 Ng4 14. d6
O-O 15. dxe7 Rfe8 16. Be2 Nxf2 17. Rhf1 Nd3+ 18. Bxd3 Bxd3 19. Rf3 Bg6 20. Ne4
Bh5 21. g4 Bxg4 22. Rg3 f5 23. Nd6 1-0

[Event "Pozivni kadetski turnir povodom blagdan"]
[Site "Hvar"]
[Date "2017.09.29"]
[Round "1.2"]
[White "Cecic-Sule, Dino"]
[Black "Jankovic, Antonio"]
[Result "1/2-1/2"]
[WhiteElo "1362"]
[BlackElo "1630"]
[PlyCount "99"]
[EventDate "2017.09.29"]

1. d4 Nf6 2. c4 g6 3. Nc3 d5 4. cxd5 Nxd5 5. e4 Nxc3 6. bxc3 Bg7 7. Nf3 O-O 8.
Bc4 c5 9. Be3 Bg4 10. e5 Nc6 11. Be2 Qa5 12. Bd2 Rfd8 13. h3 Bxf3 14. Bxf3 Nxe5
15. dxe5 Bh6 16. O-O Bxd2 17. Qc2 Qxc3 18. Qxc3 Bxc3 19. Rac1 Bb4 20. Bxb7 Rab8
21. Bf3 Rd2 22. a4 a5 23. Rfd1 Rbd8 24. Kf1 e6 25. Rxd2 Rxd2 26. Be2 Rd5 27. f4
Bd2 28. Rc4 Rd4 29. Rxd4 cxd4 30. g3 Kg7 31. Kf2 g5 32. Kf3 f6 33. Ke4 gxf4 34.
gxf4 f5+ 35. Kf3 Kf7 36. Bc4 Ke7 37. Bb5 Kd8 38. Bc4 Kd7 39. Bb5+ Kc7 40. Bc4
Kd7 41. Bb5+ Ke7 42. Bc4 Bc1 43. Kg3 h6 44. Bb5 Kd8 45. Bc4 Kd7 46. Bb5+ Ke7
47. Bc4 Kd7 48. Bb5+ Ke7 49. Bc4 Bd2 50. Bb5 1/2-1/2

[Event "Pozivni kadetski turnir povodom blagdan"]
[Site "Hvar"]
[Date "2017.09.29"]
[Round "1.3"]
[White "Baric, Marko"]
[Black "Arnold, Dora"]
[Result "1-0"]
[WhiteElo "1586"]
[BlackElo "1358"]
[PlyCount "119"]
[EventDate "2017.09.29"]

1. e4 e5 2. Nf3 Nc6 3. Bb5 a6 4. Ba4 Bc5 5. O-O Nf6 6. d3 d6 7. h3 h6 8. Be3
Ba7 9. Bxa7 Rxa7 10. d4 b5 11. Bb3 Bb7 12. d5 Ne7 13. a4 b4 14. Re1 c6 15. c4
cxd5 16. cxd5 a5 17. Bc4 Ba6 18. Nbd2 O-O 19. b3 Qd7 20. Rc1 Rc8 21. Qe2 Rac7
22. Kh2 Ng6 23. g3 Qd8 24. Rc2 Nd7 25. Rec1 Nb6 26. Qd3 Bxc4 27. Nxc4 Nxc4 28.
Rxc4 Nf8 29. Rc6 Nd7 30. Qe3 Nc5 31. Nxe5 dxe5 32. Qxc5 Rxc6 33. dxc6 Qc7 34.
Kg2 Rd8 35. Qb5 Rb8 36. Qa6 Rd8 37. Qb7 Rc8 38. Rd1 Qxb7 39. cxb7 Rb8 40. Rd7
Kh7 41. Rxf7 Kg6 42. Rd7 Kf6 43. Rd6+ Ke7 44. Rg6 Kf7 45. Rb6 Ke7 46. g4 Kd7
47. Rb5 Kc6 48. Rxa5 Rxb7 49. Rxe5 Rd7 50. Rb5 Rd4 51. e5 Kd7 52. f3 Ke6 53.
Kg3 g5 54. a5 Rd7 55. Rxb4 Kxe5 56. Rb6 Ra7 57. b4 Kd4 58. h4 Kc4 59. hxg5 hxg5
60. f4 1-0

[Event "Pozivni kadetski turnir povodom blagdan"]
[Site "Hvar"]
[Date "2017.09.29"]
[Round "1.4"]
[White "Bedic, Noemi"]
[Black "Grgantov, Marin"]
[Result "0-1"]
[WhiteElo "1342"]
[BlackElo "1584"]
[PlyCount "58"]
[EventDate "2017.09.29"]

1. e4 e5 2. Nf3 Nc6 3. Bb5 a6 4. Ba4 Nf6 5. O-O Be7 6. Re1 b5 7. Bb3 O-O 8. c3
d6 9. h3 Nb8 10. d4 Bb7 11. d5 Nbd7 12. Nbd2 Re8 13. Nf1 Bf8 14. Bd2 Nc5 15.
Bc2 g6 16. Qc1 Bg7 17. Bh6 c6 18. dxc6 Bxc6 19. Bxg7 Kxg7 20. N1d2 Ra7 21. b4
Ncd7 22. c4 Qa8 23. Bd3 Rc8 24. Rb1 bxc4 25. Qxc4 Ba4 26. Qxc8 Qxc8 27. b5 axb5
28. Bxb5 Bxb5 29. Rxb5 Rxa2 0-1

[Event "Pozivni kadetski turnir povodom blagdan"]
[Site "Hvar"]
[Date "2017.09.29"]
[Round "1.7"]
[White "Petricevic, Mateo"]
[Black "Knezovic, Luca"]
[Result "1-0"]
[WhiteElo "1541"]
[BlackElo "1274"]
[PlyCount "49"]
[EventDate "2017.09.29"]

1. Nf3 Nc6 2. d4 d5 3. e3 Nf6 4. c4 dxc4 5. Bxc4 Bg4 6. h3 Bh5 7. O-O e6 8.
Nbd2 Bd6 9. b3 O-O 10. Bb2 Re8 11. Be2 Bg6 12. Nc4 h6 13. Nce5 Be4 14. Nd2 Bb4
15. Nxe4 Nxe4 16. Nxc6 bxc6 17. Qc2 Nf6 18. Qxc6 Rb8 19. Bb5 Rb6 20. Qc4 Qd5
21. Qxd5 exd5 22. Bxe8 Nxe8 23. Rac1 a6 24. Bc3 Bxc3 25. Rxc3 1-0

[Event "Pozivni kadetski turnir povodom blagdan"]
[Site "Hvar"]
[Date "2017.09.29"]
[Round "1.8"]
[White "Knezovic, Matija"]
[Black "Delic, Juraj"]
[Result "0-1"]
[WhiteElo "1246"]
[BlackElo "1533"]
[PlyCount "62"]
[EventDate "2017.09.29"]

1. e4 e6 2. d4 d5 3. Nc3 dxe4 4. Nxe4 Bd7 5. Nf3 Bc6 6. Bd3 Nd7 7. Be3 Ngf6 8.
Ned2 Bd6 9. O-O Bxf3 10. Nxf3 c6 11. Re1 Qc7 12. h3 O-O 13. c3 Rfe8 14. Bc2 c5
15. Ng5 h6 16. Ne4 Nxe4 17. Bxe4 Nf6 18. Bf3 Rad8 19. Rc1 cxd4 20. cxd4 Qb8 21.
Qd2 e5 22. Bxh6 exd4 23. Qg5 Bf8 24. Red1 Nh7 25. Qg4 g6 26. Bxf8 Nxf8 27. Rxd4
Rxd4 28. Qxd4 Ne6 29. Qf6 Nf4 30. Kf1 Nd3 31. Rd1 Qh2 0-1

[Event "Pozivni kadetski turnir povodom blagdan"]
[Site "Hvar"]
[Date "2017.09.29"]
[Round "1.9"]
[White "Tandara, Krizan"]
[Black "Pejkovic, Andro"]
[Result "0-1"]
[WhiteElo "1443"]
[BlackElo "1244"]
[PlyCount "72"]
[EventDate "2017.09.29"]

1. d4 d5 2. c4 Nf6 3. Nc3 e6 4. e3 Bb4 5. Bd2 c5 6. a3 Bxc3 7. bxc3 Nbd7 8.
cxd5 exd5 9. Bb5 a6 10. Bxd7+ Nxd7 11. Qf3 Nb6 12. dxc5 Nc4 13. e4 Nxd2 14. Qd3
Nxe4 15. c4 Nxc5 16. Qxd5 Qxd5 17. cxd5 Nd3+ 18. Kf1 O-O 19. Rd1 Bf5 20. g4 Be4
21. f3 Bxd5 22. Rxd3 Bc4 23. Ke2 Bxd3+ 24. Kxd3 Rad8+ 25. Ke2 Rfe8+ 26. Kf2 Rd3
27. Ne2 Rd2 28. Re1 b5 29. Kf1 Ra2 30. h3 Rxa3 31. Rc1 Rxf3+ 32. Kg2 Ra3 33.
Nf4 g6 34. Nd5 Kg7 35. Nc7 Re2+ 36. Kf1 Rh2 0-1

[Event "Pozivni kadetski turnir povodom blagdan"]
[Site "Hvar"]
[Date "2017.09.29"]
[Round "1.10"]
[White "Ujevic, Ivan"]
[Black "Mijic, Karlo"]
[Result "0-1"]
[WhiteElo "1081"]
[BlackElo "1396"]
[PlyCount "93"]
[EventDate "2017.09.29"]

1. e4 e5 2. Nf3 Nc6 3. Bc4 Bc5 4. c3 Nf6 5. d3 b6 6. Bg5 Bb7 7. O-O h6 8. Bh4
g5 9. Bg3 Qe7 10. Re1 Nh5 11. d4 exd4 12. cxd4 Bb4 13. Re2 Nxg3 14. hxg3 O-O-O
15. a3 g4 16. Nh2 Nxd4 17. Qxd4 Bc5 18. Qc3 Qg5 19. Kf1 Qh5 20. Kg1 Rdf8 21. b4
Bd6 22. Qf6 Be5 23. Qh4 Qxh4 24. gxh4 Bxa1 25. e5 h5 26. f4 Bd4+ 27. Kf1 f6 28.
Rd2 fxe5 29. g3 d5 30. Bd3 exf4 31. Ke1 Be3 32. Re2 d4 33. Nf1 fxg3 34. Nxg3
Rf3 35. Nf5 g3 36. Ne7+ Kd7 37. Ng6 Rg8 38. Ne5+ Ke6 39. Nxf3 Bxf3 40. Bc4+ Bd5
41. Bxd5+ Kxd5 42. Rg2 Ke4 43. Ke2 d3+ 44. Kf1 Kf3 45. Nc3 d2 46. Nd1 Bf4 47.
a4 0-1

[Event "Pozivni kadetski turnir povodom blagdan"]
[Site "Hvar"]
[Date "2017.09.29"]
[Round "2.1"]
[White "Delic, Juraj"]
[Black "Birkic, Josip"]
[Result "1-0"]
[WhiteElo "1533"]
[BlackElo "1635"]
[PlyCount "49"]
[EventDate "2017.09.29"]

1. d4 d5 2. Bf4 Nf6 3. Nf3 e6 4. e3 Bd6 5. Bg3 b6 6. c3 O-O 7. Nbd2 Ba6 8. Bxa6
Nxa6 9. Qe2 Nb8 10. e4 dxe4 11. Nxe4 Nxe4 12. Qxe4 Nd7 13. Bh4 Be7 14. Bg3 c5
15. O-O Nf6 16. Qe2 Qd5 17. Rfd1 Qh5 18. Rd2 Rfd8 19. Rad1 cxd4 20. Rxd4 Rd5
21. Rxd5 Nxd5 22. Qe4 Rd8 23. c4 Nc7 24. Rxd8+ Bxd8 25. Bxc7 1-0

[Event "Pozivni kadetski turnir povodom blagdan"]
[Site "Hvar"]
[Date "2017.09.29"]
[Round "2.2"]
[White "Mijic, Karlo"]
[Black "Baric, Marko"]
[Result "1-0"]
[WhiteElo "1396"]
[BlackElo "1586"]
[PlyCount "117"]
[EventDate "2017.09.29"]

1. e4 e5 2. Nf3 Nc6 3. Bb5 a6 4. Ba4 Nf6 5. d3 d6 6. h3 Be7 7. Be3 O-O 8. Nbd2
Be6 9. Ng5 b5 10. Nxe6 fxe6 11. Bb3 d5 12. O-O h6 13. f4 exf4 14. Bxf4 e5 15.
Bh2 Kh8 16. Nf3 Bc5+ 17. Kh1 Re8 18. Qe2 Nd4 19. Nxd4 exd4 20. e5 Bd6 21. Rae1
Qe7 22. Qf2 Bb4 23. exf6 Bxe1 24. fxe7 Bxf2 25. Rxf2 Rxe7 26. Bxd5 Re1+ 27. Bg1
Rb8 28. Kh2 Re5 29. Be4 Kg8 30. Rf4 c5 31. Rg4 Rb6 32. Kg3 Kf7 33. Kf4 Re7 34.
h4 Rf6+ 35. Kg3 Ke8 36. c3 Rf1 37. Kh2 dxc3 38. bxc3 Rc7 39. Rg6 a5 40. Bc6+
Kf7 41. Rd6 Ke7 42. Bxc5 Kf7 43. Bd4 Ke7 44. Rg6 Kf8 45. Bxb5 Rb1 46. Bc4 Rb2
47. Bb6 Rb7 48. Bxa5 Rc2 49. Bb4+ Ke8 50. a4 Rc1 51. Bb5+ Kf7 52. Rg3 Kg8 53.
d4 Kh7 54. d5 Rf7 55. d6 g5 56. hxg5 Rf4 57. g6+ Kg7 58. d7 Rh4+ 59. Rh3 1-0

[Event "Pozivni kadetski turnir povodom blagdan"]
[Site "Hvar"]
[Date "2017.09.29"]
[Round "2.3"]
[White "Grgantov, Marin"]
[Black "Petricevic, Mateo"]
[Result "1-0"]
[WhiteElo "1584"]
[BlackElo "1541"]
[PlyCount "55"]
[EventDate "2017.09.29"]

1. e4 e6 2. d4 d5 3. Nd2 c5 4. Ngf3 Nf6 5. e5 Nfd7 6. c3 Nc6 7. Bd3 Be7 8. O-O
O-O 9. Re1 Qb6 10. Nf1 Re8 11. Ng3 Bf8 12. Bxh7+ Kh8 13. Ng5 g6 14. Qg4 Kg7 15.
Qh3 Be7 16. Bg8 Nf8 17. Bxf7 Rd8 18. Bxg6 Bxg5 19. Bxg5 Kxg6 20. Qh6+ Kf7 21.
Qh5+ Kg8 22. Bxd8 Nxd8 23. Re3 cxd4 24. Qg5+ Kf7 25. Rf3+ Ke8 26. Qg8 Qc5 27.
Nh5 dxc3 28. bxc3 1-0

[Event "Pozivni kadetski turnir povodom blagdan"]
[Site "Hvar"]
[Date "2017.09.29"]
[Round "2.4"]
[White "Pejkovic, Andro"]
[Black "Radovcic, Gabrijel"]
[Result "0-1"]
[WhiteElo "1244"]
[BlackElo "1563"]
[PlyCount "54"]
[EventDate "2017.09.29"]

1. e4 c5 2. Nf3 Nc6 3. Bc4 a6 4. d3 g6 5. Nc3 Bg7 6. Bg5 h6 7. Bh4 d6 8. h3 Nf6
9. Ne2 O-O 10. c3 Na5 11. Bb3 b5 12. a4 Nxb3 13. Qxb3 Be6 14. Qc2 b4 15. c4 Qa5
16. Qd2 Rab8 17. e5 dxe5 18. Nxe5 Qb6 19. Nf4 Rbd8 20. Rd1 g5 21. Nxe6 Qxe6 22.
Bg3 Nh5 23. Qe3 Nxg3 24. Qxg3 Bxe5 25. Qe3 Bxb2 26. Qxe6 Bc3+ 27. Kf1 fxe6 0-1

[Event "Pozivni kadetski turnir povodom blagdan"]
[Site "Hvar"]
[Date "2017.09.29"]
[Round "2.6"]
[White "Jankovic, Antonio"]
[Black "Tandara, Krizan"]
[Result "1-0"]
[WhiteElo "1630"]
[BlackElo "1443"]
[PlyCount "131"]
[EventDate "2017.09.29"]

1. e4 e5 2. Nf3 Nc6 3. Bc4 Bc5 4. b4 Nxb4 5. c3 Nc6 6. d4 Bd6 7. Ng5 Nh6 8. O-O
O-O 9. Nf3 Ng4 10. h3 Nf6 11. Re1 h6 12. Na3 a6 13. Nh2 Re8 14. d5 Na5 15. Bd3
b5 16. Rb1 c6 17. c4 b4 18. Nc2 c5 19. Ng4 Bc7 20. Re3 Nxg4 21. Qxg4 d6 22. Qg3
Qg5 23. Qh2 Rf8 24. Rf3 Qg6 25. Rg3 Qf6 26. Ne3 Qh4 27. Ng4 Bxg4 28. Rxg4 Qf6
29. f4 Kh8 30. Bb2 Rae8 31. Rf1 Qe7 32. Qg3 f6 33. Qf3 b3 34. axb3 Nxb3 35. Qf2
Nd4 36. f5 a5 37. Bc1 Qf7 38. Rg6 h5 39. Qh4 Qg8 40. Bh6 Rf7 41. Bxg7+ Rxg7 42.
Qxh5+ Qh7 43. Rh6 Reg8 44. Rxh7+ Rxh7 45. Qd1 Rxh3 46. Kf2 Rh2 47. Rg1 Bd8 48.
Qa4 Rg4 49. Qe8+ Rg8 50. Qd7 a4 51. Qxd6 Nb3 52. Qa6 Nc1 53. Bf1 Na2 54. Qxa4
Nc3 55. Qc2 Ba5 56. Be2 Rh4 57. Bf3 Rf4 58. Ke3 Rg3 59. Rf1 Nxe4 60. Qxe4 Rxe4+
61. Kxe4 Rg7 62. Rb1 Bb4 63. d6 Kg8 64. Ra1 Rd7 65. Kd5 Kf8 66. Bh5 1-0

[Event "Pozivni kadetski turnir povodom blagdan"]
[Site "Hvar"]
[Date "2017.09.29"]
[Round "2.7"]
[White "Arnold, Jan"]
[Black "Cecic-Sule, Dino"]
[Result "1/2-1/2"]
[WhiteElo "1384"]
[BlackElo "1362"]
[PlyCount "54"]
[EventDate "2017.09.29"]

1. e4 c5 2. c4 Nc6 3. Nc3 e5 4. d3 d6 5. f4 Nf6 6. Nf3 a6 7. g3 Bg4 8. Bg2 Nd4
9. h3 Bxf3 10. Bxf3 b5 11. Bg2 bxc4 12. dxc4 Nd7 13. Ne2 Qc7 14. Nxd4 cxd4 15.
b3 Be7 16. O-O g6 17. f5 Qb6 18. Kh2 a5 19. Bh6 Bf8 20. Bxf8 Rxf8 21. f6 Qd8
22. Qf3 h5 23. Rf2 Qb6 24. h4 a4 25. Rb1 axb3 26. axb3 Ra3 27. g4 hxg4 1/2-1/2

[Event "Pozivni kadetski turnir povodom blagdan"]
[Site "Hvar"]
[Date "2017.09.29"]
[Round "2.9"]
[White "Arnold, Dora"]
[Black "Knezovic, Matija"]
[Result "1-0"]
[WhiteElo "1358"]
[BlackElo "1246"]
[PlyCount "47"]
[EventDate "2017.09.29"]

1. e4 e5 2. Nf3 Nc6 3. Bc4 Nf6 4. d3 Bc5 5. c3 d5 6. exd5 Nxd5 7. O-O O-O 8.
Re1 Re8 9. Bb5 Qf6 10. Nbd2 Nf4 11. Ne4 Qe7 12. Bxf4 f5 13. Bg5 Qf8 14. Nxc5
Qxc5 15. Bxc6 bxc6 16. d4 Qb5 17. Nxe5 Qxb2 18. Nc4 Qxc3 19. Rxe8+ Kf7 20. Re7+
Kg6 21. Rc1 Qb4 22. Qd2 Qb5 23. Ne5+ Kh5 24. Qf4 1-0

[Event "Pozivni kadetski turnir povodom blagdan"]
[Site "Hvar"]
[Date "2017.09.29"]
[Round "2.10"]
[White "Knezovic, Luca"]
[Black "Bedic, Noemi"]
[Result "0-1"]
[WhiteElo "1274"]
[BlackElo "1342"]
[PlyCount "62"]
[EventDate "2017.09.29"]

1. e4 e5 2. Nf3 Nc6 3. Bb5 a6 4. Ba4 Nf6 5. O-O Nxe4 6. Re1 d5 7. Nxe5 Qf6 8.
Nf3 Be7 9. Nc3 Nc5 10. Nxd5 Qd6 11. Nxe7 Be6 12. Nf5 Qf4 13. Nxg7+ Kf8 14.
Nxe6+ fxe6 15. d4 Qg4 16. dxc5 Rg8 17. g3 Qxa4 18. Bh6+ Ke7 19. Qe2 Rg6 20.
Bg5+ Kf8 21. Ne5 Rxg5 22. Nd7+ Kg7 23. Qxe6 Rg6 24. Nf6 Rxf6 25. Qd7+ Rf7 26.
Qd2 Raf8 27. Rf1 Nd4 28. Qg5+ Kh8 29. Qe5+ Rf6 30. Rae1 Nf3+ 31. Kh1 Nxe5 0-1

[Event "Pozivni kadetski turnir povodom blagdan"]
[Site "Hvar"]
[Date "2017.09.29"]
[Round "2.11"]
[White "Marovic, Luka"]
[Black "Ujevic, Ivan"]
[Result "1-0"]
[WhiteElo "1324"]
[BlackElo "1081"]
[PlyCount "44"]
[EventDate "2017.09.29"]

1. e4 e5 2. Nf3 Nc6 3. Nc3 Nf6 4. Bc4 Bc5 5. d3 O-O 6. O-O d6 7. Bd2 Re8 8. h3
h6 9. a3 Be6 10. Bxe6 Rxe6 11. Nd5 Qd7 12. Bc3 Rae8 13. d4 exd4 14. Nxd4 Bxd4
15. Bxd4 Nxe4 16. Re1 Ne7 17. Qg4 Ng5 18. f4 Rxe1+ 19. Rxe1 Qxg4 20. hxg4 Ne6
21. Nxe7+ Rxe7 22. f5 Nxd4 1-0

[Event "Pozivni kadetski turnir povodom blagdan"]
[Site "Hvar"]
[Date "2017.09.30"]
[Round "3.1"]
[White "Denic, Marin"]
[Black "Grgantov, Marin"]
[Result "1/2-1/2"]
[WhiteElo "1548"]
[BlackElo "1584"]
[PlyCount "95"]
[EventDate "2017.09.29"]

1. e4 e5 2. Nf3 Nc6 3. Bb5 a6 4. Ba4 Nf6 5. O-O Be7 6. Re1 b5 7. Bb3 d6 8. c3
O-O 9. h3 Nb8 10. d3 c5 11. a4 Bb7 12. axb5 axb5 13. Rxa8 Bxa8 14. Be3 Nc6 15.
Nbd2 Na5 16. Bc2 Re8 17. Qe2 Qc7 18. Ra1 Bc6 19. b4 Nb7 20. Nb3 Rc8 21. bxc5
Nxc5 22. Nxc5 dxc5 23. Nd2 Ra8 24. Rxa8+ Bxa8 25. c4 b4 26. Nb3 Qa7 27. Qd1 Bc6
28. Qa1 Qxa1+ 29. Nxa1 Nd7 30. Nb3 Ba4 31. Kf1 Bxb3 32. Bxb3 Nb6 33. Ke2 g6 34.
f4 f6 35. fxe5 fxe5 36. Bf2 Kf7 37. Bg3 Ke6 38. Kd1 Kf6 39. h4 Bd6 40. Bf2 g5
41. g3 h6 42. h5 g4 43. Be3 Kg7 44. Kc1 Nd7 45. Bd1 Nf6 46. Kb2 Nxh5 47. Bf2
Nf6 48. Kb3 1/2-1/2

[Event "Pozivni kadetski turnir povodom blagdan"]
[Site "Hvar"]
[Date "2017.09.30"]
[Round "3.2"]
[White "Radovcic, Gabrijel"]
[Black "Delic, Juraj"]
[Result "1/2-1/2"]
[WhiteElo "1563"]
[BlackElo "1533"]
[PlyCount "49"]
[EventDate "2017.09.29"]

1. d4 d5 2. c4 e6 3. Nf3 Nf6 4. Bg5 Be7 5. e3 O-O 6. Bd3 Nbd7 7. O-O a6 8. Nc3
dxc4 9. Bxc4 b5 10. Bd3 Bb7 11. a3 c5 12. dxc5 Nxc5 13. Be2 Qc7 14. Bf4 Qd8 15.
b4 Nce4 16. Rc1 Rc8 17. Nxe4 Nxe4 18. Rxc8 Qxc8 19. Qc1 Nc3 20. Qb2 Bf6 21. Ne5
Rd8 22. Ng4 Nxe2+ 23. Qxe2 Qc3 24. Nxf6+ Qxf6 25. Rd1 1/2-1/2

[Event "Pozivni kadetski turnir povodom blagdan"]
[Site "Hvar"]
[Date "2017.09.30"]
[Round "3.3"]
[White "Jankovic, Antonio"]
[Black "Mijic, Karlo"]
[Result "1-0"]
[WhiteElo "1630"]
[BlackElo "1396"]
[PlyCount "45"]
[EventDate "2017.09.29"]

1. e4 e5 2. Nf3 Nc6 3. Bc4 Bc5 4. b4 Bxb4 5. c3 Ba5 6. d4 exd4 7. O-O h6 8.
cxd4 d6 9. Qb3 Qe7 10. d5 Ne5 11. Nxe5 dxe5 12. Qb5+ Bd7 13. Qxa5 Qd6 14. Bb5
c6 15. Ba3 Qg6 16. Qb4 Kd8 17. dxc6 bxc6 18. Qf8+ Kc7 19. Qxa8 Bh3 20. Qxa7+
Kc8 21. Ba6+ Kd8 22. Rd1+ Ke8 23. Qb8+ 1-0

[Event "Pozivni kadetski turnir povodom blagdan"]
[Site "Hvar"]
[Date "2017.09.30"]
[Round "3.4"]
[White "Birkic, Josip"]
[Black "Bedic, Noemi"]
[Result "1-0"]
[WhiteElo "1635"]
[BlackElo "1342"]
[PlyCount "41"]
[EventDate "2017.09.29"]

1. d4 d5 2. Bf4 Nf6 3. Nc3 e6 4. Nb5 Bd6 5. Nxd6+ cxd6 6. Nf3 O-O 7. e3 Re8 8.
Bd3 Ne4 9. O-O Nc6 10. c4 e5 11. Bg3 Bf5 12. Bxe4 Bxe4 13. Qb3 Qc7 14. cxd5 Na5
15. Qb4 Bxd5 16. dxe5 Bxf3 17. exd6 Re4 18. Qxe4 Bxe4 19. dxc7 Rc8 20. Rfd1 Nc6
21. Rac1 1-0

[Event "Pozivni kadetski turnir povodom blagdan"]
[Site "Hvar"]
[Date "2017.09.30"]
[Round "3.5"]
[White "Baric, Marko"]
[Black "Delic, Mateo"]
[Result "1-0"]
[WhiteElo "1586"]
[BlackElo "1282"]
[PlyCount "26"]
[EventDate "2017.09.29"]

1. e4 e6 2. Nf3 Nc6 3. Bb5 d5 4. Ne5 Qf6 5. d4 a6 6. exd5 axb5 7. dxc6 bxc6 8.
O-O Bd6 9. Re1 Bb7 10. Ng4 Ne7 11. Nxf6+ gxf6 12. Qg4 h5 13. Qg7 Rg8 1-0

[Event "Pozivni kadetski turnir povodom blagdan"]
[Site "Hvar"]
[Date "2017.09.30"]
[Round "3.6"]
[White "Petricevic, Mateo"]
[Black "Pejkovic, Andro"]
[Result "1-0"]
[WhiteElo "1541"]
[BlackElo "1244"]
[PlyCount "135"]
[EventDate "2017.09.29"]

1. Nf3 Nc6 2. d4 d5 3. c4 e6 4. e3 Nf6 5. Be2 Bd6 6. Nc3 b6 7. cxd5 exd5 8. O-O
h5 9. b3 Bf5 10. Bb5 Qd7 11. Ne5 Bxe5 12. dxe5 Ne4 13. Nxd5 O-O-O 14. Ba3 Qxd5
15. Qxd5 Rxd5 16. Bxc6 Rxe5 17. Bb2 Rc5 18. Bxe4 Bxe4 19. f3 Bb7 20. Bxg7 Rg8
21. Bh6 h4 22. h3 Bc6 23. Bf4 Bd7 24. Kh2 Rc2 25. Rg1 c5 26. a3 Be6 27. b4 c4
28. b5 Kb7 29. a4 a6 30. bxa6+ Kxa6 31. a5 b5 32. Bc7 b4 33. Rac1 Re2 34. Rce1
Rc2 35. Rc1 Re2 36. e4 b3 37. Be5 Kxa5 38. Bf6 Ka4 39. Ra1+ Kb4 40. Be7+ Kb5
41. Bf6 Kb4 42. Be7+ Kb5 43. Bf6 Re8 44. Rge1 Rc2 45. Rac1 Rxc1 46. Rxc1 Kb4
47. Bc3+ Kb5 48. Be1 Ra8 49. Bc3 Ra2 50. Bf6 Ka4 51. f4 Ka3 52. f5 b2 53. Bxb2+
Kxb2 54. fxe6 Kxc1 55. exf7 Ra8 56. e5 c3 57. e6 c2 58. e7 Kd2 59. e8=Q Rxe8
60. fxe8=Q c1=Q 61. Qd7+ Ke1 62. Qe7+ Kd2 63. Qg5+ Kc2 64. Qxc1+ Kxc1 65. g4
hxg3+ 66. Kxg3 Kd2 67. Kf4 Kd3 68. h4 1-0

[Event "Pozivni kadetski turnir povodom blagdan"]
[Site "Hvar"]
[Date "2017.09.30"]
[Round "3.7"]
[White "Cecic-Sule, Dino"]
[Black "Ujevic, Ivan"]
[Result "1-0"]
[WhiteElo "1362"]
[BlackElo "1081"]
[PlyCount "51"]
[EventDate "2017.09.29"]

1. d4 d5 2. Nf3 Nf6 3. Bf4 Nc6 4. e3 Bg4 5. h3 Bf5 6. Bd3 Be4 7. Nbd2 Bxf3 8.
Qxf3 e6 9. a3 Bd6 10. Bg5 Be7 11. Rc1 e5 12. Bb5 O-O 13. Bxc6 bxc6 14. dxe5 Nd7
15. Bf4 Bg5 16. O-O Re8 17. c4 Nxe5 18. Bxe5 Rxe5 19. Qg3 Re7 20. Qxg5 dxc4 21.
Nxc4 Qe8 22. Rfd1 Rb8 23. Qc5 a6 24. Rd2 Re4 25. a4 Re6 26. Rcd1 1-0

[Event "Pozivni kadetski turnir povodom blagdan"]
[Site "Hvar"]
[Date "2017.09.30"]
[Round "3.9"]
[White "Knezovic, Niko"]
[Black "Arnold, Jan"]
[Result "0-1"]
[WhiteElo "1369"]
[BlackElo "1384"]
[PlyCount "58"]
[EventDate "2017.09.29"]

1. d4 e6 2. Nf3 d5 3. e3 c5 4. c4 Nc6 5. Nc3 Nf6 6. Bd3 Qb6 7. Ne2 Be7 8. O-O
O-O 9. a3 Ne4 10. Bxe4 dxe4 11. Ne5 Rd8 12. Nxc6 Qxc6 13. Qc2 b6 14. Rd1 Bb7
15. b3 Rd7 16. Qc3 Rad8 17. Bb2 Bf6 18. b4 Qc7 19. g3 Be5 20. Nf4 cxd4 21. exd4
Bxd4 22. Rxd4 Rxd4 23. Ne2 Rd1+ 24. Rxd1 Rxd1+ 25. Kg2 f6 26. Nf4 e3+ 27. f3
Qe5 28. Qc2 Rd2+ 29. Qxd2 exd2 0-1

[Event "Pozivni kadetski turnir povodom blagdan"]
[Site "Hvar"]
[Date "2017.09.30"]
[Round "3.10"]
[White "Tandara, Krizan"]
[Black "Knezovic, Luca"]
[Result "1-0"]
[WhiteElo "1443"]
[BlackElo "1274"]
[PlyCount "39"]
[EventDate "2017.09.29"]

1. d4 d5 2. c4 dxc4 3. Nc3 Nf6 4. e3 e6 5. Bxc4 Bb4 6. a3 Ba5 7. b4 Bb6 8. Nge2
O-O 9. O-O Nc6 10. a4 Nxb4 11. a5 Bxa5 12. Rxa5 Nc6 13. Ra1 Qd6 14. Ba3 Nb4 15.
Qb3 Ng4 16. g3 a5 17. Bxb4 axb4 18. Rxa8 bxc3 19. Nxc3 Qc6 20. d5 1-0

[Event "Pozivni kadetski turnir povodom blagdan"]
[Site "Hvar"]
[Date "2017.09.30"]
[Round "3.11"]
[White "Knezovic, Matija"]
[Black "Marovic, Luka"]
[Result "1-0"]
[WhiteElo "1246"]
[BlackElo "1324"]
[PlyCount "63"]
[EventDate "2017.09.29"]

1. e4 e5 2. Nf3 Nc6 3. Bb5 b6 4. O-O Bb7 5. Re1 Nf6 6. Nc3 Bc5 7. d3 a6 8. Bxc6
Bxc6 9. Nxe5 O-O 10. d4 Be7 11. Nf3 d6 12. Nh4 Bd7 13. Bg5 h6 14. Bxf6 Bxf6 15.
Nf5 Bxf5 16. exf5 c5 17. dxc5 dxc5 18. Qxd8 Raxd8 19. Rad1 Rxd1 20. Rxd1 Rd8
21. Rxd8+ Bxd8 22. g4 g6 23. fxg6 fxg6 24. f4 Kf7 25. Kg2 g5 26. f5 Kf6 27. a4
h5 28. Kf3 Bc7 29. Nd5+ Ke5 30. Nxc7 h4 31. Nxa6 Kd4 32. f6 1-0

[Event "Pozivni kadetski turnir povodom blagdan"]
[Site "Hvar"]
[Date "2017.09.30"]
[Round "4.1"]
[White "Delic, Juraj"]
[Black "Jankovic, Antonio"]
[Result "1-0"]
[WhiteElo "1533"]
[BlackElo "1630"]
[PlyCount "117"]
[EventDate "2017.09.29"]

1. d4 Nf6 2. Bf4 g6 3. Nf3 Bg7 4. e3 d6 5. Be2 c5 6. c3 Qb6 7. Qb3 Nbd7 8. Nbd2
O-O 9. O-O a6 10. Bc4 Qc6 11. Qc2 Nb6 12. Be2 Bf5 13. Bd3 Bxd3 14. Qxd3 Nfd5
15. Bg3 e6 16. dxc5 dxc5 17. Ne5 Qa4 18. b3 Qa5 19. e4 Nf6 20. Qc2 Nh5 21. Ndf3
Nxg3 22. hxg3 f6 23. Nd3 e5 24. c4 Nd7 25. Rfd1 Qc7 26. Qd2 Rfd8 27. Qe3 b6 28.
Rd2 Nf8 29. Rad1 Ne6 30. Nb2 Nd4 31. Nxd4 exd4 32. Qf3 Qe5 33. Nd3 Qe7 34. Nf4
Re8 35. Nd5 Qd6 36. Rd3 b5 37. cxb5 axb5 38. Nc3 Qc6 39. Nd5 Rxa2 40. b4 c4 41.
Rxd4 f5 42. e5 Qc8 43. Nf6+ Bxf6 44. exf6 Rae2 45. Qd5+ Kf8 46. Qxb5 Re1+ 47.
Kh2 Rxd1 48. Rxd1 c3 49. Rc1 c2 50. Qc5+ Kf7 51. Rxc2 Qe6 52. Qc7+ Kxf6 53. Rc6
Re7 54. Rxe6+ Kxe6 55. Qc6+ Ke5 56. b5 Re6 57. Qc7+ Kd5 58. Qxh7 Ke5 59. Qg7+
1-0

[Event "Pozivni kadetski turnir povodom blagdan"]
[Site "Hvar"]
[Date "2017.09.30"]
[Round "4.2"]
[White "Grgantov, Marin"]
[Black "Radovcic, Gabrijel"]
[Result "0-1"]
[WhiteElo "1584"]
[BlackElo "1563"]
[PlyCount "78"]
[EventDate "2017.09.29"]

1. e4 g6 2. d4 Bg7 3. Nf3 d5 4. Nc3 dxe4 5. Nxe4 Bg4 6. c3 Nd7 7. Bc4 Ngf6 8.
Ng3 O-O 9. h3 Bxf3 10. Qxf3 c6 11. Bf4 a5 12. O-O Nb6 13. Bb3 a4 14. Bc2 a3 15.
b3 Nbd5 16. Bd2 Qb6 17. Rfe1 e6 18. Ne4 Nxe4 19. Bxe4 Rfd8 20. Rad1 c5 21. c4
Nb4 22. dxc5 Qxc5 23. Bxb4 Qxb4 24. Bxb7 Rab8 25. Be4 Rd4 26. Re3 Rbd8 27. Red3
Rxd3 28. Rxd3 Rxd3 29. Bxd3 Qe1+ 30. Bf1 Qa1 31. Qa8+ Bf8 32. c5 Qxa2 33. c6
Qc2 34. Qb7 a2 35. c7 a1=Q 36. c8=Q Qxf1+ 37. Kh2 Qxc8 38. Qxc8 Qxf2 39. Qb8
Qd4 0-1